3, 7, 12 or 40? - In the Bible - Statistics

General Stats
  • This quiz has been taken 67 times
  • The average score is 16 of 23
Answer Stats
Hint Answer % Correct
Number of years the Israelites wandered in the desert after not trusting in God 40
93%
Amount of days in which God created the world 7
91%
Number of Apostles Jesus had 12
89%
Number of components of trinity 3
89%
Number of nights that it rained during the Flood 40
89%
Number of tribes in Israel (total) 12
87%
The day of the Sabbath was on the __ (rd/th) day 7
87%
Jesus died, was buried and was raised on the __ (rd/th) day 3
85%
Number of gifts given to Jesus by the Magi 3
85%
Number of days Jesus fasted for before being tempted by Satan 40
85%
Number of days that it rained during the Flood 40
83%
Number of times Noah sent a bird out of the ark 3
80%
Number of named children of Adam and Eve 3
80%
A __ (rd/th) of the water became bad because of Wormwood in Revalations 3
61%
Number of people thrown into the blazing furnace 3
59%
Number of days Jesus was on Earth after his resurrection 40
59%
Number of angels who blew the number of trumpets in Revalations 7
52%
Number of gemstones that will be on the walls of New Heaven 12
48%
Number of baskets of leftover food after Jesus fed the five thousand 12
46%
Number of decades of spiritual silence in between the two Testaments 40
46%
Total number of fish and bread that was given to Jesus to feed the five thousand 7
43%
Number of days Jonah was in the belly of a fish 3
39%
Number of gates in New Heaven 12
30%
No matching quizzes found
Score Distribution
Percent of People with Each Score
Percentile by Number Answered
Your Score History
You have not taken this quiz